Jeremiah: (Record no. 4254)

MARC details
000 -LEADER
fixed length control field 00513nam a22001937a 4500
003 - CONTROL NUMBER IDENTIFIER
control field GBCCL
005 - DATE AND TIME OF LATEST TRANSACTION
control field 20241126110514.0
008 - FIXED-LENGTH DATA ELEMENTS--GENERAL INFORMATION
fixed length control field 180117b xxu||||| |||| 00| 0 eng d
020 ## - INTERNATIONAL STANDARD BOOK NUMBER
International Standard Book Number 0551003596
040 ## - CATALOGING SOURCE
Transcribing agency gbc
082 ## - DEWEY DECIMAL CLASSIFICATION NUMBER
Classification number 224.2
Item number MEY
100 ## - MAIN ENTRY--PERSONAL NAME
Personal name Meyer, F.B.
9 (RLIN) 7408
245 ## - TITLE STATEMENT
Title Jeremiah:
Remainder of title Priest and Prophet /
Statement of responsibility, etc. F.B. Meyer
260 ## - PUBLICATION, DISTRIBUTION, ETC.
Name of publisher, distributor, etc. Lakeland,
Place of publication, distribution, etc. London:
Date of publication, distribution, etc. 1972
300 ## - PHYSICAL DESCRIPTION
Extent 160 p.;
Dimensions 18 cm.
440 ## - SERIES STATEMENT/ADDED ENTRY--TITLE
Title Lakeland Series
9 (RLIN) 8061
650 ## - SUBJECT ADDED ENTRY--TOPICAL TERM
Topical term or geographic name entry element Bible
Form subdivision Old Testament
General subdivision Jeremiah
9 (RLIN) 9531
942 ## - ADDED ENTRY ELEMENTS (KOHA)
Source of classification or shelving scheme Dewey Decimal Classification
Koha item type Books
Koha issues (borrowed), all copies 3
Holdings
Withdrawn status Lost status Source of classification or shelving scheme Damaged status Not for loan Home library Current Library Shelving location Date acquired Total checkouts Full call number Barcode Date last seen Date last checked out Copy number Price effective from Koha item type
    Dewey Decimal Classification     GRACE BIBLE COLLEGE GRACE BIBLE COLLEGE Biblical Studies 2018-01-17 3 224.2 MEY 006264 2025-05-01 2018-05-04 c.1 2018-01-17 Books
© Grace Bible College Library 2025